000 00414nam a2200145Ia 4500
008 230711s9999||||xx |||||||||||||| ||und||
041 _aENG
082 _a4
_bGO-M
100 _aGoetsch,David E
245 0 _aMicrcadd computer aided design and drafting on microcomputers
250 _a1st Ed.
260 _c1990
_aNew Delhi
_bPrentice-Hall of India Private Limited
650 _aMechanical Engineering
942 _cBK
999 _c1357
_d1357